Margaret Sanger : (Record no. 12406)

000 -LEADER
fixed length control field 00738cam a2200205 a 4500
020 ## - INTERNATIONAL STANDARD BOOK NUMBER
ISBN 0875185819
040 ## - CATALOGING SOURCE
Transcribing agency DLC
082 00 - DEWEY DECIMAL CLASSIFICATION NUMBER
Classification number 305 MAX 1994 A019 Or.
-- B
100 1# - MAIN ENTRY--AUTHOR NAME
Personal name Whitelaw, Nancy.
245 10 - TITLE STATEMENT
Title Margaret Sanger :
Remainder of title "every child a wanted child" /
250 ## - EDITION STATEMENT
Edition statement 1st ed.
260 ## - PUBLICATION, DISTRIBUTION, ETC. (IMPRINT)
Place of publication New York :
Name of publisher Dillon Press ;
Place of publication Toronto :
Name of publisher Maxwell Macmillan Canada ;
Place of publication New York :
Name of publisher Maxwell Macmillan International,
Year of publication c1994.
300 ## - PHYSICAL DESCRIPTION
Number of Pages 160 p. :
Other physical details ill. ;
Dimensions 24 cm.
520 ## - SUMMARY, ETC.
Summary, etc A biography of Margaret Sanger, the indomitable fighter for birth control and a feminist who asked women to take responsibility for their freedom.
650 #0 - SUBJECT ADDED ENTRY--TOPICAL TERM
Topical Term Feminists
650 #0 - SUBJECT ADDED ENTRY--TOPICAL TERM
Topical Term Birth control
650 #1 - SUBJECT ADDED ENTRY--TOPICAL TERM
Topical Term Feminists.
650 #1 - SUBJECT ADDED ENTRY--TOPICAL TERM
Topical Term Birth control
942 ## - ADDED ENTRY ELEMENTS (KOHA)
Koha item type សៀវភៅភាសាអង់គ្លេស
952 ## - LOCATION AND ITEM INFORMATION (KOHA)
Withdrawn status [LOCAL, KOHA] 0
Holdings
Permanent Location Date acquired Koha item type Lost status Shelving location Barcode Current Location Full call number
Library Block A2017-08-14សៀវភៅភាសាអង់គ្លេស A013A20007Library Block A305 MAX 1994 A019 Or.
មជ្ឈមណ្ឌលឯការនៃសាកលវិទ្យាល័យភូមិន្ទកសិកម្មចំការដូង

Powered by Koha